Sports Quiz

Random Sports Quiz

Wrestlers who have compete in a WHC Title PPV Match Quiz Stats

 Plays Quiz not verified by Sporcle

Challenge
Share
Tweet
Embed
Score 0/43 Timer 15:00
0 Plays Today
Year of 1st WHC Title PPV Match Wrestler % Correct
2002Kane
100%
2002Triple H
98.9%
2003Randy Orton
98.9%
2005Edge
98.9%
2006The Undertaker
98.9%
2004Chris Benoit
97.8%
2006Rey Mysterio
97.8%
2002Chris Jericho
96.7%
2006The Big Show
96.7%
2002Shawn Michaels
95.6%
2006Kurt Angle
95.6%
2005Batista
94.5%
2008CM Punk
94.5%
2005Eddie Guerrero
93.4%
2009Jeff Hardy
93.4%
2011Daniel Bryan
93.4%
2002Rob Van Dam
92.3%
2002Booker T
92.3%
2005John Bradshaw Layfield
92.3%
2006John Cena
91.2%
2011Christian
91.2%
2003Goldberg
90.1%
Year of 1st WHC Title PPV Match Wrestler % Correct
2010Alberto Del Rio
90.1%
2006Mark Henry
89%
2012Sheamus
87.9%
2011Dolph Ziggler
86.8%
2007The Great Khali
85.7%
2011Wade Barrett
79.1%
2003Kevin Nash
78%
2006Bobby Lashley
76.9%
2010Jack Swagger
76.9%
2003Scott Steiner
75.8%
2012Cody Rhodes
73.6%
2010John Morrison
72.5%
2008Montel Vontavious Porter
70.3%
2007Mr. Kennedy
68.1%
2006Finlay
67%
2010R-Truth
65.9%
2012Santino Marella
64.8%
2011Drew McIntyre
46.2%
2008Big Daddy V
45.1%
2009Mike Knox
45.1%
2006Sabu
39.6%

You're not logged in!

Compare scores with friends on all Sporcle quizzes.
OR
Log In

You Might Also Like...

Show Comments

Extras

Created Sep 8, 2012ReportNominate
Tags:compete, matching, ppv, whc, wrestlers

Top Quizzes Today


Score Distribution

Your Account Isn't Verified!

In order to create a playlist on Sporcle, you need to verify the email address you used during registration. Go to your Sporcle Settings to finish the process.

Report this User

Report this user for behavior that violates our Community Guidelines.

Details: